000 00559nam a2200169 4500
999 _c4301
_d4301
008 160903b xxu||||| |||| 00| 0 eng d
022 _a2094-8042
082 _aDPer 370.105 M72 Jan-Dec 2012 V. 60-61
100 _914044
_aDe Guzman, Sonny N.
243 _aThe modern teacher
245 _aAeta schools sustain:
_btanim sa sa kinabukasan/
_cSonny N. De Guzman.
260 _aPhilippines:
_bIn the Grade School, Inc.,
_c©2012.
300 _aV61 n2, page 64;
_c28 cm.
500 _aThe Modern Teacher
650 0 _914045
_aGardening
942 _2ddc
_cPER